000 00835nam a2200241Ia 4500
003 GCL
008 140319s9999 xx 000 0 ara d
020 _a4144209948
040 _aGCL /
_cGCL
082 0 4 _a371.26
_bف أ
100 1 _aفخرى رشيد خضر
245 1 0 _aالاختبارات والمقاييس فى التربية وعلم النفس /
_cفخرى رشيد خضر
250 _aالاولى
260 _aالامارات :
_bدار القلم للنشر والتوزيع ،
_c2004
300 _a464ص ؛
_c24سم
650 0 4 _aالتعلم
650 0 4 _aالاختبارات
650 0 4 _aالوسائل السمعية والبصرية
650 0 4 _aالاختبارات والقياسات التعليمية
650 0 4 _aالتربية - نظريات
650 0 4 _aالتقييم
942 _2ddc
_cBK
999 _c5950
_d5950